[Event "BEL-chT 1920"]
[Site "Belgium"]
[Date "2020.01.19"]
[Round "6.4"]
[White "Bojkov, Dejan"]
[Black "Demuth, Adrien"]
[Result "1/2-1/2"]
[WhiteElo "2483"]
[BlackElo "2498"]
[PlyCount "31"]
[EventDate "2019.09.29"]
[EventType "team-tourn"]
[EventRounds "11"]
[EventCountry "BEL"]
[SourceTitle "CBM 195 Extra"]
[Source "ChessBase"]
[SourceDate "2020.05.31"]
[SourceVersion "1"]
[SourceVersionDate "2020.05.31"]
[SourceQuality "1"]
[WhiteTeam "Echiquier Mosan"]
[BlackTeam "KGSRL"]
[WhiteTeamCountry "BEL"]
[BlackTeamCountry "BEL"]

1. e4 c5 2. Nf3 Nc6 3. Bb5 e6 4. c3 d5 5. Qe2 Nge7 6. d3 a6 7. Ba4 b5 8. Bc2 Bb7 9. 0-0 d4 10. a4 Ng6 11. axb5 axb5 12. Rxa8 Bxa8 13. Na3 Qb6 14. c4 b4 15. Nb5 Be7 16. Ng5 1/2-1/2

[Event "BEL-chT 1819"]
[Site "Belgium"]
[Date "2019.02.10"]
[Round "7.3"]
[White "Bojkov, Dejan"]
[Black "Pijpers, Arthur"]
[Result "1-0"]
[WhiteElo "2478"]
[BlackElo "2465"]
[PlyCount "95"]
[EventDate "2018.09.30"]
[EventType "team-tourn"]
[EventRounds "11"]
[EventCountry "BEL"]
[SourceTitle "CBM 189 Extra"]
[Source "ChessBase"]
[SourceDate "2019.06.03"]
[SourceVersion "1"]
[SourceVersionDate "2019.06.03"]
[SourceQuality "1"]
[WhiteTeam "Echiquier Mosan"]
[BlackTeam "KGSRL"]
[WhiteTeamCountry "BEL"]
[BlackTeamCountry "BEL"]

1. e4 c5 2. Nf3 d6 3. Nc3 Nc6 4. d4 cxd4 5. Nxd4 g6 6. g3 Nf6 7. Nde2 Bd7 8. Bg2 Qc8 9. h3 h5 10. b3 Bg7 11. Bb2 h4 12. g4 Nxg4 13. hxg4 Bxg4 14. f3 h3 15. fxg4 Qxg4 16. Qd3 Qxg2 17. 0-0-0 h2 18. Nd5 Qg5+ 19. Kb1 Bxb2 20. Kxb2 Kf8 21. Rdf1 Ne5 22. Qd4 Rh4 23. Rf2 Qh6 24. Nef4 g5 25. Nd3 Ng4 26. Rg2 Qg6 27. Nf2 Nxf2 28. Rxf2 e5 29. Qb4 Rxe4 30. Qxb7 Re8 31. Rf6 Qg7 32. Rxh2 Rh4 33. Rhf2 Rf4 34. Qd7 Rxf2 35. Qxd6+ Kg8 36. Rxf2 Re6 37. Ne7+ Kh7 38. Rh2+ Rh6 39. Qxh6+ Qxh6 40. Rxh6+ Kxh6 41. c4 Kg7 42. c5 Kf6 43. Nd5+ Ke6 44. c6 g4 45. Nf6 Kd6 46. Nxg4 e4 47. Kc3 a5 48. Ne5 1-0

[Event "BEL-chT 1718"]
[Site "Belgium"]
[Date "2018.02.25"]
[Round "7.3"]
[White "Demuth, Adrien"]
[Black "Bojkov, Dejan"]
[Result "1-0"]
[WhiteElo "2538"]
[BlackElo "2476"]
[PlyCount "93"]
[EventDate "2017.09.24"]
[EventType "team-tourn"]
[EventRounds "11"]
[EventCountry "BEL"]
[SourceTitle "EXT 2019"]
[Source "ChessBase"]
[SourceDate "2018.10.10"]
[SourceVersion "1"]
[SourceVersionDate "2018.10.10"]
[SourceQuality "1"]
[WhiteTeam "KGSRL"]
[BlackTeam "Amay"]
[WhiteTeamCountry "BEL"]
[BlackTeamCountry "BEL"]

1. Nf3 d5 2. g3 c6 3. c4 Nf6 4. Bg2 Bg4 5. Ne5 Be6 6. cxd5 Bxd5 7. Nf3 c5 8. Nc3 Bc6 9. 0-0 e6 10. d3 Be7 11. e4 0-0 12. Qe2 Nbd7 13. d4 cxd4 14. Nxd4 e5 15. Nxc6 bxc6 16. Be3 Bc5 17. Rfd1 Bxe3 18. Qxe3 Qb6 19. Qxb6 axb6 20. Rd6 Rfc8 21. Bh3 Rc7 22. Rad1 Nf8 23. a4 b5 24. axb5 cxb5 25. Rb6 Rc5 26. Nxb5 Nxe4 27. Bg2 f5 28. Nd6 Rd8 29. Bxe4 fxe4 30. Re1 Nd7 31. Nxe4 Nxb6 32. Nxc5 Rd5 33. b4 Kf7 34. Ra1 Nc4 35. Ra7+ Kg6 36. Rd7 Rxd7 37. Nxd7 Kf5 38. b5 Ke6 39. Nf8+ Kd5 40. Nxh7 Nd6 41. b6 Kc6 42. Nf8 Nf7 43. Kg2 Kxb6 44. Ne6 g6 45. Nf8 g5 46. Kf3 Kc6 47. Nh7 1-0

[Event "BEL-chT 1718"]
[Site "Belgium"]
[Date "2017.12.03"]
[Round "5.4"]
[White "Bojkov, Dejan"]
[Black "Vandenbussche, Thibaut"]
[Result "1-0"]
[WhiteElo "2476"]
[BlackElo "2402"]
[PlyCount "119"]
[EventDate "2017.09.24"]
[EventType "team-tourn"]
[EventRounds "11"]
[EventCountry "BEL"]
[SourceTitle "CBM 181 Extra"]
[Source "ChessBase"]
[SourceDate "2017.12.12"]
[SourceVersion "1"]
[SourceVersionDate "2017.12.12"]
[SourceQuality "1"]
[WhiteTeam "Amay"]
[BlackTeam "KBSK Brugge"]
[WhiteTeamCountry "BEL"]
[BlackTeamCountry "BEL"]

1. e4 d6 2. Nc3 Nf6 3. g3 e5 4. Bg2 c6 5. Nge2 Be7 6. 0-0 b5 7. d4 Nbd7 8. h3 0-0 9. a3 a5 10. b3 Ba6 11. Bb2 Re8 12. Re1 Qc7 13. g4 b4 14. axb4 axb4 15. Na4 Bxe2 16. Qxe2 Nf8 17. Qc4 Ne6 18. d5 Nf4 19. Qxc6 Qxc6 20. dxc6 Nxg2 21. Kxg2 Rac8 22. Nb6 Rxc6 23. Nc4 h5 24. f3 hxg4 25. hxg4 Nd7 26. Bc1 Rec8 27. Be3 g6 28. Ra4 Nf6 29. Bd2 d5 30. exd5 Nxd5 31. Rxe5 Rd8 32. Re2 Bf6 33. Kg3 Bc3 34. Ra7 Bf6 35. Rb7 Nc3 36. Rh2 Re6 37. Rb6 Rxb6 38. Nxb6 Re8 39. Bxc3 Bxc3 40. Nc4 Be1+ 41. Kg2 Bc3 42. Kf1 Re1+ 43. Kf2 Re6 44. f4 Re4 45. Kf3 Re1 46. Ne3 Bd4 47. Re2 Rh1 48. Nd5 Bc5 49. g5 Rf1+ 50. Ke4 Rd1 51. Rh2 Re1+ 52. Kd3 Rd1+ 53. Kc4 Bd4 54. Kxb4 f5 55. Re2 Bg7 56. c4 Rd3 57. Re3 Bf8+ 58. Kb5 Rd4 59. Re6 Kf7 60. Rf6+ 1-0

[Event "BEL-chT 1516"]
[Site "Belgium"]
[Date "2015.09.27"]
[Round "1.3"]
[White "Fontaine, Quentin"]
[Black "Bojkov, Dejan"]
[Result "1/2-1/2"]
[WhiteElo "2122"]
[BlackElo "2489"]
[PlyCount "66"]
[EventDate "2015.09.27"]
[EventType "team-tourn"]
[EventRounds "11"]
[EventCountry "BEL"]
[SourceTitle "CBM 168 Extra"]
[Source "ChessBase"]
[SourceDate "2015.10.29"]
[SourceVersion "1"]
[SourceVersionDate "2015.10.29"]
[SourceQuality "1"]
[WhiteTeam "Namur"]
[BlackTeam "Amay"]
[WhiteTeamCountry "BEL"]
[BlackTeamCountry "BEL"]

1. d4 Nf6 2. Nf3 g6 3. c4 Bg7 4. e3 0-0 5. Be2 d6 6. 0-0 Nbd7 7. Nc3 e5 8. Qc2 Re8 9. b4 Qe7 10. Bb2 e4 11. Nd2 Nf8 12. Nd5 Nxd5 13. cxd5 Bf5 14. Rfc1 Rac8 15. Qa4 a6 16. Rc3 Bd7 17. Qb3 Bb5 18. Bxb5 axb5 19. Rac1 Qd7 20. Qc2 Qf5 21. Qb3 Re7 22. Nb1 h5 23. Na3 Qd7 24. Qd1 Nh7 25. Qe2 Nf6 26. Qxb5 Qxb5 27. Nxb5 Nxd5 28. Rb3 Ra8 29. a3 f5 30. Nc3 Nb6 31. Nb5 Nd5 32. Nc3 Nb6 33. Nb5 Nd5 1/2-1/2

[Event "BL2-Sued 1415"]
[Site "Germany"]
[Date "2014.12.07"]
[Round "4.3"]
[White "Kantans, Toms"]
[Black "Bojkov, Dejan"]
[Result "0-1"]
[WhiteElo "2496"]
[BlackElo "2497"]
[PlyCount "78"]
[EventDate "2014.09.21"]
[EventType "team-tourn"]
[EventRounds "9"]
[EventCountry "GER"]
[SourceTitle "CBM 166 Extra"]
[Source "ChessBase"]
[SourceDate "2015.06.18"]
[SourceVersion "1"]
[SourceVersionDate "2015.06.18"]
[SourceQuality "1"]
[WhiteTeam "Speyer Schwegenheim"]
[BlackTeam "Untergrombach"]
[WhiteTeamCountry "GER"]
[BlackTeamCountry "GER"]

1. e4 e5 2. Nf3 Nc6 3. d4 exd4 4. Nxd4 Nf6 5. Nc3 Bb4 6. Nxc6 bxc6 7. Qd4 Qe7 8. f3 Bc5 9. Qd3 a5 10. Be3 Ba6 11. Qd2 Bxf1 12. Rxf1 0-0 13. 0-0-0 Rfb8 14. Bxc5 Qxc5 15. Qd4 Qb4 16. Ne2 d6 17. a3 Qb5 18. Ng3 Rb6 19. f4 Rab8 20. e5 Ne8 21. b3 c5 22. Qe4 a4 23. Qxa4 Qxa4 24. bxa4 Ra6 25. Rf3 Rxa4 26. Nf5 g6 27. exd6 gxf5 28. Rb3 Rxb3 29. cxb3 Ra8 30. dxc7 Nxc7 31. Kb2 Kf8 32. Rd7 Ra7 33. Rd8+ Ke7 34. Rh8 Ne6 35. Rxh7 Nxf4 36. g3 Ne6 37. Rh4 Kd6 38. a4 Kd5 39. Kc3 Nd4 0-1

[Event "BL2-Sued 1314"]
[Site "Germany"]
[Date "2013.10.13"]
[Round "1.2"]
[White "Mueller, Reinhold"]
[Black "Bojkov, Dejan"]
[Result "1/2-1/2"]
[WhiteElo "2233"]
[BlackElo "2511"]
[PlyCount "79"]
[EventDate "2013.10.13"]
[EventType "team-tourn"]
[EventRounds "9"]
[EventCountry "GER"]
[SourceTitle "EXT 2015"]
[Source "ChessBase"]
[SourceDate "2014.11.20"]
[SourceVersion "1"]
[SourceVersionDate "2014.11.20"]
[SourceQuality "1"]
[WhiteTeam "Schwarzenbach"]
[BlackTeam "Untergrombach"]
[WhiteTeamCountry "GER"]
[BlackTeamCountry "GER"]

1. d4 Nf6 2. c4 g6 3. Nc3 Bg7 4. e4 d6 5. f4 0-0 6. Nf3 e5 7. dxe5 dxe5 8. Qxd8 Rxd8 9. Nxe5 Re8 10. Bd3 Ng4 11. Nxg4 Bxg4 12. Be3 Na6 13. Rc1 Rad8 14. Bb1 Bf5 15. Kf2 Bxc3 16. Rxc3 Bxe4 17. Bxe4 Rxe4 18. a3 c5 19. Rb1 b6 20. b4 f5 21. bxc5 Nxc5 22. Bxc5 Rxf4+ 23. Kg3 Rg4+ 24. Kf3 bxc5 25. Rb7 Rdd4 26. Rxa7 Rdf4+ 27. Ke3 Re4+ 28. Kf3 Rgf4+ 29. Kg3 Rf1 30. Rb3 f4+ 31. Kh3 Re3+ 32. Rxe3 fxe3 33. Re7 Rf4 34. Rxe3 Rxc4 35. Kg3 Kf7 36. Kf3 Kf6 37. h3 h5 38. g3 Rc1 39. a4 Ra1 40. Rc3 1/2-1/2

[Event "BL2-Sued 1213"]
[Site "Germany"]
[Date "2013.02.03"]
[Round "6.2"]
[White "Karpatchev, Aleksandr"]
[Black "Bojkov, Dejan"]
[Result "1/2-1/2"]
[WhiteElo "2456"]
[BlackElo "2507"]
[PlyCount "108"]
[EventDate "2012.10.14"]
[EventType "team-tourn"]
[EventRounds "9"]
[EventCountry "GER"]
[SourceTitle "CBM 154 Extra"]
[Source "ChessBase"]
[SourceDate "2013.06.25"]
[SourceVersion "2"]
[SourceVersionDate "2013.06.25"]
[SourceQuality "1"]
[WhiteTeam "Bad Mergentheim"]
[BlackTeam "Untergrombach"]
[WhiteTeamCountry "GER"]
[BlackTeamCountry "GER"]

1. e4 e5 2. Nf3 Nc6 3. Bc4 Nf6 4. d4 exd4 5. e5 Ne4 6. Qe2 Nc5 7. 0-0 Be7 8. Rd1 Ne6 9. c3 d5 10. exd6 cxd6 11. cxd4 d5 12. Nc3 dxc4 13. d5 Qc7 14. d6 Qa5 15. dxe7 Nxe7 16. Qxc4 0-0 17. Be3 Nf5 18. Bd2 Qc5 19. Qxc5 Nxc5 20. Nd5 Ne6 21. Bb4 Re8 22. g4 Nh6 23. h3 b6 24. Bd2 Bb7 25. Bxh6 Rad8 26. Nf6+ gxf6 27. Rxd8 Rxd8 28. Nh4 Rd3 29. f3 Bxf3 30. Nxf3 Rxf3 31. Rc1 Rd3 32. Rc8+ Rd8 33. Rxd8+ Nxd8 34. Kf2 f5 35. gxf5 f6 36. Ke3 Nf7 37. Bf4 Kf8 38. Kd4 Ke7 39. Kd5 Kd7 40. b4 h5 41. h4 a6 42. a4 b5 43. a5 Nd8 44. Kc5 Nc6 45. Bh2 Ne7 46. Kb6 Nd5+ 47. Kxa6 Kc6 48. Ka7 Nxb4 49. Bg1 Kc7 50. Bb6+ Kc8 51. Bc5 Nd5 52. Ka6 b4 53. Kb5 b3 54. Bd4 Kb7 1/2-1/2

[Event "BEL-chT 1213"]
[Site "Belgium"]
[Date "2012.12.16"]
[Round "6.2"]
[White "Bojkov, Dejan"]
[Black "Levin, Felix"]
[Result "1/2-1/2"]
[WhiteElo "2514"]
[BlackElo "2520"]
[PlyCount "46"]
[EventDate "2012.09.23"]
[EventType "team-tourn"]
[EventRounds "11"]
[EventCountry "BEL"]
[SourceTitle "EXT 2014"]
[Source "ChessBase"]
[SourceDate "2013.11.20"]
[SourceVersion "1"]
[SourceVersionDate "2013.11.20"]
[SourceQuality "1"]
[WhiteTeam "Amay"]
[BlackTeam "Eynatten"]
[WhiteTeamCountry "BEL"]
[BlackTeamCountry "BEL"]

1. e4 e5 2. Nf3 Nc6 3. Bc4 Nf6 4. d3 Be7 5. 0-0 0-0 6. Bb3 d6 7. c3 Na5 8. Bc2 c5 9. a3 Nc6 10. b4 a6 11. Re1 Re8 12. h3 h6 13. Nbd2 b5 14. d4 cxd4 15. cxd4 Nxd4 16. Nxd4 exd4 17. Bb2 Nd7 18. Bxd4 Bf6 19. Nf1 Be5 20. Ne3 Nf6 21. Qd3 Be6 22. Rad1 Rc8 23. Bb1 Nh5 1/2-1/2

[Event "BL2-Sued 1213"]
[Site "Germany"]
[Date "2012.12.09"]
[Round "4.2"]
[White "Beikert, Guenther"]
[Black "Bojkov, Dejan"]
[Result "1/2-1/2"]
[WhiteElo "2433"]
[BlackElo "2507"]
[PlyCount "103"]
[EventDate "2012.10.14"]
[EventType "team-tourn"]
[EventRounds "9"]
[EventCountry "GER"]
[SourceTitle "CBM 154 Extra"]
[Source "ChessBase"]
[SourceDate "2013.06.25"]
[SourceVersion "2"]
[SourceVersionDate "2013.06.25"]
[SourceQuality "1"]
[WhiteTeam "Viernheim"]
[BlackTeam "Untergrombach"]
[WhiteTeamCountry "GER"]
[BlackTeamCountry "GER"]

1. d4 Nf6 2. Nf3 g6 3. Nc3 d5 4. Bf4 Bg7 5. e3 0-0 6. Be2 c5 7. Ne5 cxd4 8. exd4 Nc6 9. Qd2 Qb6 10. 0-0-0 Ne4 11. Nxe4 dxe4 12. Nxc6 Qxc6 13. Bh6 Bxh6 14. Qxh6 Be6 15. Kb1 Rac8 16. Rd2 Rfd8 17. Rc1 Qa4 18. c4 b5 19. d5 Bf5 20. Qe3 bxc4 21. g4 Bd7 22. Qxe4 Qb4 23. Qd4 Bb5 24. Rc3 a5 25. f4 e6 26. Bf3 Qd6 27. h4 Bc6 28. Rxc4 Bxd5 29. Rxc8 Rxc8 30. Bxd5 exd5 31. a3 Qe6 32. g5 Qe1+ 33. Ka2 Qxh4 34. Qe5 Qh3 35. Rxd5 a4 36. Rb5 Qd7 37. Rb4 Re8 38. Qd4 Qxd4 39. Rxd4 Ra8 40. b3 axb3+ 41. Kxb3 Kg7 42. a4 h6 43. Rd5 hxg5 44. fxg5 Ra7 45. a5 f6 46. Kb4 fxg5 47. Kb5 Kh6 48. Kb6 Ra8 49. a6 Kh5 50. Kb7 Rf8 51. a7 Kh4 52. Rd6 1/2-1/2

[Event "BUL-chT-A 62nd"]
[Site "Sunny Beach"]
[Date "2012.09.21"]
[Round "3.3"]
[White "Nikolov, Momchil"]
[Black "Bojkov, Dejan"]
[Result "1/2-1/2"]
[WhiteElo "2562"]
[BlackElo "2514"]
[PlyCount "64"]
[EventDate "2012.09.19"]
[EventType "team-tourn"]
[EventRounds "7"]
[EventCountry "BUL"]
[SourceTitle "CBM 150 Extra"]
[Source "ChessBase"]
[SourceDate "2012.10.19"]
[SourceVersion "1"]
[SourceVersionDate "2012.10.19"]
[SourceQuality "1"]
[WhiteTeam "Razgrad Abritus"]
[BlackTeam "Vidin Nayden Voynov"]
[WhiteTeamCountry "BUL"]
[BlackTeamCountry "BUL"]

1. d4 d5 2. Nf3 Nf6 3. c4 c6 4. Nc3 a6 5. c5 Bf5 6. Bf4 Nbd7 7. e3 Nh5 8. Bd3 Bxd3 9. Qxd3 Nxf4 10. exf4 e6 11. 0-0 Be7 12. g3 0-0 13. b4 b6 14. Rfb1 a5 15. a3 Bf6 16. h4 Qc7 17. Ng5 Bxg5 18. hxg5 axb4 19. axb4 Qb7 20. Kg2 Rxa1 21. Rxa1 Ra8 22. Rh1 Nf8 23. Ne2 Ra4 24. Rb1 Nd7 25. Qc2 b5 26. Nc3 Ra3 27. Rb2 Qa6 28. Ra2 Rxa2 29. Qxa2 Qxa2 30. Nxa2 Nb8 31. Nc1 f6 32. Nd3 f5 1/2-1/2

[Event "Los Angeles Metropolitan 22nd"]
[Site "Los Angeles"]
[Date "2012.08.18"]
[Round "8"]
[White "Liou, Yian"]
[Black "Bojkov, Dejan"]
[Result "1/2-1/2"]
[WhiteElo "2350"]
[BlackElo "2556"]
[PlyCount "107"]
[EventDate "2012.08.14"]
[EventType "swiss"]
[EventRounds "9"]
[EventCountry "USA"]
[SourceTitle "CBM 150 Extra"]
[Source "ChessBase"]
[SourceDate "2012.10.19"]
[SourceVersion "1"]
[SourceVersionDate "2012.10.19"]
[SourceQuality "1"]

1. e4 e5 2. Nf3 Nc6 3. Bb5 a6 4. Ba4 Nf6 5. 0-0 Be7 6. Re1 b5 7. Bb3 d6 8. c3 0-0 9. h3 Na5 10. Bc2 c5 11. d4 Qc7 12. Nbd2 Bd7 13. Nf1 cxd4 14. cxd4 Rac8 15. Ne3 Nc6 16. d5 Nb4 17. Bb1 a5 18. a3 Na6 19. b4 axb4 20. axb4 Qb7 21. Bd2 Bd8 22. Bd3 Bb6 23. Qb3 Nc7 24. g4 Kh8 25. Kh2 Ng8 26. Rf1 g6 27. Bc3 Ne8 28. Qb2 Ng7 29. Rac1 Ra8 30. Ng2 f6 31. Nd2 h5 32. Be2 Nh6 33. Nh4 Kh7 34. f3 Rh8 35. Nb3 Be3 36. Bd2 Bxd2 37. Qxd2 Qb6 38. g5 Nf7 39. gxf6 Ne8 40. f4 exf4 41. Qxf4 Ra2 42. Rce1 g5 43. Qf3 Bg4 44. hxg4 hxg4 45. Qxg4 Kg8 46. Qe6 Rxh4+ 47. Kg2 Ra8 48. Rf3 g4 49. Rf4 Qe3 50. Rxg4+ Rxg4+ 51. Qxg4+ Kf8 52. Qf3 Qg5+ 53. Qg4 Qe3 54. Qf3 1/2-1/2

[Event "Los Angeles Metropolitan 22nd"]
[Site "Los Angeles"]
[Date "2012.08.17"]
[Round "6"]
[White "Akobian, Varuzhan"]
[Black "Bojkov, Dejan"]
[Result "1-0"]
[WhiteElo "2617"]
[BlackElo "2556"]
[PlyCount "87"]
[EventDate "2012.08.14"]
[EventType "swiss"]
[EventRounds "9"]
[EventCountry "USA"]
[SourceTitle "CBM 150 Extra"]
[Source "ChessBase"]
[SourceDate "2012.10.19"]
[SourceVersion "1"]
[SourceVersionDate "2012.10.19"]
[SourceQuality "1"]

1. d4 Nf6 2. c4 g6 3. f3 Bg7 4. e4 d6 5. Ne2 0-0 6. Be3 e5 7. d5 Nh5 8. Qd2 f5 9. Nbc3 a6 10. 0-0-0 Nd7 11. exf5 gxf5 12. Ng3 Ndf6 13. Bg5 Qe8 14. Bd3 Qg6 15. Nge2 e4 16. Bc2 b5 17. Nd4 Bd7 18. Rhe1 b4 19. Nce2 Rfe8 20. h3 Re5 21. f4 Ree8 22. Qe3 a5 23. Rf1 a4 24. g4 fxg4 25. f5 Qf7 26. hxg4 Nxg4 27. Qh3 Nhf6 28. Ne6 b3 29. axb3 axb3 30. Bxb3 h5 31. N2d4 Ba4 32. Kb1 Bxb3 33. Qxb3 Reb8 34. Nb5 Bh8 35. Bd2 Ne5 36. Bc3 Nfg4 37. Bd4 Ra5 38. f6 e3 39. Rf5 Bxf6 40. Bxe5 Qg6 41. Qc2 Nxe5 42. Nf4 Rba8 43. Na3 Qg4 44. Rxf6 1-0

[Event "Los Angeles Metropolitan 21st"]
[Site "Los Angeles"]
[Date "2012.08.04"]
[Round "2"]
[White "Bojkov, Dejan"]
[Black "Sevillano, Enrico"]
[Result "0-1"]
[WhiteElo "2556"]
[BlackElo "2526"]
[PlyCount "96"]
[EventDate "2012.08.03"]
[EventType "tourn"]
[EventRounds "9"]
[EventCountry "USA"]
[EventCategory "10"]
[SourceTitle "EXT 2013"]
[Source "ChessBase"]
[SourceDate "2012.11.22"]
[SourceVersion "1"]
[SourceVersionDate "2012.11.22"]
[SourceQuality "1"]

1. e4 e6 2. d4 d5 3. Nd2 Nf6 4. e5 Nfd7 5. f4 c5 6. Ngf3 Nc6 7. Nb3 c4 8. Nbd2 b5 9. Be2 Qa5 10. 0-0 b4 11. Rf2 Nb6 12. Nf1 Na4 13. g4 Be7 14. Ng3 g6 15. Rb1 Bd7 16. Be3 0-0-0 17. Kh1 Rdg8 18. Qf1 h5 19. gxh5 gxh5 20. Ng5 h4 21. Nh5 Be8 22. Rg2 Nb6 23. Ra1 Nd7 24. b3 c3 25. Qf2 Bd8 26. f5 Qb6 27. f6 Bc7 28. Ng7 Nd8 29. Bh5 Nf8 30. Nxe8 Rxh5 31. Nxf7 Rxg2 32. Qxg2 Nxf7 33. Qg8 Nd8 34. Qxf8 Rxe5 35. Bg1 Rf5 36. Re1 e5 37. dxe5 d4 38. Qg8 Qc6+ 39. Qg2 Qxe8 40. Bxd4 Qe6 41. Bxa7 Rxe5 42. Rd1 Re1+ 43. Rxe1 Qxe1+ 44. Bg1 Qe6 45. Bc5 h3 46. Qf3 Nf7 47. Bf2 Ne5 48. Qe4 Qxf6 0-1

[Event "Los Angeles Metropolitan 21st"]
[Site "Los Angeles"]
[Date "2012.08.03"]
[Round "1"]
[White "Khachiyan, Melikset"]
[Black "Bojkov, Dejan"]
[Result "1/2-1/2"]
[WhiteElo "2478"]
[BlackElo "2556"]
[PlyCount "66"]
[EventDate "2012.08.03"]
[EventType "tourn"]
[EventRounds "9"]
[EventCountry "USA"]
[EventCategory "10"]
[SourceTitle "EXT 2013"]
[Source "ChessBase"]
[SourceDate "2012.11.22"]
[SourceVersion "1"]
[SourceVersionDate "2012.11.22"]
[SourceQuality "1"]

1. c4 e5 2. Nc3 Nf6 3. g3 d5 4. cxd5 Nxd5 5. Bg2 Nb6 6. Nf3 Nc6 7. 0-0 Be7 8. Rb1 a5 9. d3 0-0 10. Be3 Be6 11. Bxb6 cxb6 12. Nd2 f5 13. Qa4 Rc8 14. Rfe1 Bf6 15. Nc4 Rf7 16. Qb5 e4 17. Qxb6 Bxc4 18. Qxd8+ Nxd8 19. dxc4 Bxc3 20. bxc3 Rxc4 21. Rb5 Nc6 22. Bh3 g6 23. g4 Rxc3 24. e3 f4 25. g5 Re7 26. Kg2 Ne5 27. exf4 Nf3 28. Re3 Rc1 29. Bg4 Ne1+ 30. Kg3 Nd3 31. f3 Rg1+ 32. Kh4 Nxf4 33. Rxe4 Rf7 1/2-1/2

[Event "Quebec-ch op"]
[Site "Montreal"]
[Date "2012.07.26"]
[Round "7"]
[White "So, Wesley"]
[Black "Bojkov, Dejan"]
[Result "1-0"]
[WhiteElo "2650"]
[BlackElo "2556"]
[PlyCount "93"]
[EventDate "2012.07.21"]
[EventType "swiss"]
[EventRounds "9"]
[EventCountry "CAN"]
[SourceTitle "CBM 149 Extra"]
[Source "ChessBase"]
[SourceDate "2012.08.24"]
[SourceVersion "1"]
[SourceVersionDate "2012.08.24"]
[SourceQuality "1"]

1. d4 d5 2. c4 dxc4 3. Nf3 Nf6 4. e3 Be6 5. Be2 c5 6. 0-0 Nc6 7. dxc5 Qxd1 8. Rxd1 Ne4 9. Nc3 Nxc5 10. Ng5 g6 11. e4 Bg7 12. Be3 Nd3 13. Nxe6 fxe6 14. Bxd3 cxd3 15. Rxd3 Rd8 16. Rxd8+ Kxd8 17. Rc1 Bxc3 18. Rxc3 e5 19. Ra3 Kc7 20. Kf1 Rd8 21. Ke2 Nd4+ 22. Bxd4 Rxd4 23. Rxa7 Rxe4+ 24. Kd2 Rd4+ 25. Ke3 Rd1 26. Ra4 b5 27. Ra7+ Kd6 28. Rb7 Re1+ 29. Kf3 e4+ 30. Kg3 Kc5 31. Rxe7 Re2 32. Re5+ Kc6 33. b4 Rxa2 34. Rxe4 Kd5 35. f3 Rc2 36. Rh4 h5 37. Re4 Rc4 38. Kf4 Rc2 39. Re5+ Kc6 40. Re6+ Kd5 41. Rxg6 Rb2 42. h4 Kc4 43. g4 hxg4 44. fxg4 Rxb4 45. h5 Ra4 46. h6 Kc5+ 47. Kg5 1-0

[Event "Quebec-ch op"]
[Site "Montreal"]
[Date "2012.07.24"]
[Round "5"]
[White "Oliva Castaneda, Kevel"]
[Black "Bojkov, Dejan"]
[Result "1/2-1/2"]
[WhiteElo "2320"]
[BlackElo "2556"]
[PlyCount "43"]
[EventDate "2012.07.21"]
[EventType "swiss"]
[EventRounds "9"]
[EventCountry "CAN"]
[SourceTitle "CBM 149 Extra"]
[Source "ChessBase"]
[SourceDate "2012.08.24"]
[SourceVersion "1"]
[SourceVersionDate "2012.08.24"]
[SourceQuality "1"]

1. Nf3 Nf6 2. c4 g6 3. Nc3 Bg7 4. e4 d6 5. d4 0-0 6. Be2 e5 7. 0-0 exd4 8. Nxd4 Re8 9. f3 c6 10. Be3 d5 11. cxd5 Nxd5 12. Nxd5 cxd5 13. Qb3 Nc6 14. Rad1 Nxd4 15. Bxd4 Bxd4+ 16. Rxd4 Qf6 17. Rd2 Qf4 18. Qxd5 Be6 19. Qd4 Bxa2 20. g3 Qc7 21. Qe3 Be6 22. f4 1/2-1/2

[Event "Quebec-ch op"]
[Site "Montreal"]
[Date "2012.07.22"]
[Round "2"]
[White "Masse, Hugues"]
[Black "Bojkov, Dejan"]
[Result "1-0"]
[WhiteElo "2232"]
[BlackElo "2556"]
[PlyCount "91"]
[EventDate "2012.07.21"]
[EventType "swiss"]
[EventRounds "9"]
[EventCountry "CAN"]
[SourceTitle "CBM 149 Extra"]
[Source "ChessBase"]
[SourceDate "2012.08.24"]
[SourceVersion "1"]
[SourceVersionDate "2012.08.24"]
[SourceQuality "1"]

1. d4 Nf6 2. c4 g6 3. g3 Bg7 4. Bg2 0-0 5. Nc3 d6 6. Nf3 c6 7. 0-0 Qa5 8. e4 e5 9. h3 Nbd7 10. Re1 exd4 11. Nxd4 Ne5 12. Bf1 c5 13. Nb3 Qd8 14. Be3 Be6 15. Nd2 Nc6 16. Bg2 Nd7 17. Rc1 Nde5 18. Bf1 Nb4 19. Rb1 f5 20. a3 Nbd3 21. f4 Nxe1 22. fxe5 f4 23. gxf4 dxe5 24. f5 gxf5 25. Qxe1 f4 26. Bxc5 Rf6 27. Nd5 Rg6+ 28. Kh2 Bf8 29. Bf2 Qg5 30. Nf3 Qh5 31. Nh4 Rh6 32. Nc7 Rd8 33. Nxe6 Rxe6 34. Be2 Qf7 35. c5 Rc6 36. Qc3 Kh8 37. Nf5 Bg7 38. Rg1 Bf6 39. Nh6 Qf8 40. Rg8+ Qxg8 41. Nxg8 Rxg8 42. Bc4 Rg6 43. b4 Rc7 44. Be6 Rcg7 45. Bg4 Rh6 46. Bf5 1-0

[Event "Queenstown op"]
[Site "Queenstown"]
[Date "2012.01.23"]
[Round "9"]
[White "Wallis, Christopher"]
[Black "Bojkov, Dejan"]
[Result "0-1"]
[WhiteElo "2259"]
[BlackElo "2553"]
[PlyCount "126"]
[EventDate "2012.01.15"]
[EventType "swiss"]
[EventRounds "9"]
[EventCountry "NZL"]
[SourceTitle "CBM 146 Extra"]
[Source "ChessBase"]
[SourceDate "2012.02.29"]
[SourceVersion "1"]
[SourceVersionDate "2012.02.29"]
[SourceQuality "1"]

1. e4 e5 2. Nf3 Nc6 3. Bb5 Nf6 4. 0-0 Nxe4 5. d4 Nd6 6. Bxc6 dxc6 7. dxe5 Nf5 8. Qxd8+ Kxd8 9. Nc3 Bd7 10. h3 h6 11. Ne4 b6 12. Re1 c5 13. Bf4 Be6 14. a3 Kd7 15. Rad1+ Kc6 16. g4 Ne7 17. Kg2 Ng6 18. Bc1 Be7 19. Kg3 Rad8 20. Rxd8 Rxd8 21. h4 Bd5 22. h5 Nf8 23. Bd2 Ne6 24. Bc3 b5 25. b3 b4 26. axb4 cxb4 27. Bb2 a5 28. Nfd2 Bg5 29. Nxg5 hxg5 30. Nf1 Ra8 31. Ne3 a4 32. bxa4 Rxa4 33. f3 Ra2 34. Rb1 Kc5 35. Nf5 Bc4 36. Ne3 Nf4 37. Nf5 b3 38. cxb3 Bd3 39. Rc1+ Kb6 40. Bd4+ Kb7 41. Rg1 Ne2+ 42. Kf2 Bxf5 43. gxf5 Nxd4+ 44. Ke3 Nxf5+ 45. Ke4 Ne7 46. Rxg5 g6 47. hxg6 fxg6 48. f4 Re2+ 49. Kd4 Kc6 50. Rg1 Nf5+ 51. Kd3 Re3+ 52. Kc4 Ne7 53. Rc1 Kd7 54. Rf1 Ke6 55. b4 Nd5 56. b5 Rxe5 57. fxe5 Ne3+ 58. Kc5 Nxf1 59. Kc6 Ne3 60. Kxc7 Nd5+ 61. Kc6 Kxe5 62. b6 Nxb6 63. Kxb6 g5 0-1